| 000 | 01021nac a22002291u 4500 | ||
|---|---|---|---|
| 010 | _a 99051998 | ||
| 020 | _a0824703642 | ||
| 082 | 0 | 0 |
_a620.00452 _bD647 |
| 090 |
_c3931 _d3931 |
||
| 100 | _aDodson, Bryan, | ||
| 245 | 1 | 0 |
_aReliability engineering handbook / _cBryan Dodson, Dennis Nolan. |
| 260 |
_aNew York : _bMarcel Dekker/Quality Pub.,1999 _c1999. |
||
| 300 |
_axiv, 639 p. : _bill. ; _c24 cm. |
||
| 440 | 0 |
_aQuality and reliability ; _v56 |
|
| 504 | _aIncludes bibliographical references and index. | ||
| 650 | 0 |
_aReliability (Engineering) _vHandbooks, manuals, etc. |
|
| 700 | 1 | _aNolan, Dennis. | |
| 856 | 4 | 1 |
_3Table of contents only _uhttp://www.loc.gov/catdir/toc/fy0712/99051998.html |
| 856 | 4 | 1 |
_3Publisher description _uhttp://www.loc.gov/catdir/enhancements/fy0647/99051998-d.html |
| 942 |
_cBB _k620.00452D647 |
||
| 999 |
_c3931 _d3931 |
||